|
|
|
|
| LEADER |
00000nam a2200000 a 4500 |
| 001 |
vtls001290521 |
| 003 |
SK-MaSNL |
| 005 |
20260301234952.0 |
| 008 |
251113s1961 xr 0 cze |
| 035 |
|
|
|a SNK000242164
|
| 040 |
|
|
|a SNK
|b slo
|c SNK
|e AACR2
|
| 044 |
|
|
|a xr
|c CZ
|
| 100 |
1 |
|
|a Bezruč, Petr,
|d 1867-1958
|4 aut
|9 189445
|
| 245 |
1 |
|
|a Vzájemná korespondence
|c Petr Bezruč, Josef Svatopluk Machar
|
| 260 |
|
|
|a Ostrava
|b Kraj. nakl.
|c 1961
|
| 300 |
|
|
|a 70 s., [5] s. obr. a fot. příl.
|c 8°
|
| 490 |
1 |
|
|a Knihovna Památníku Petra Bezruče v Opavě
|v sv. 7
|
| 700 |
1 |
|
|a Machar, Josef Svatopluk,
|d 1864-1942
|4 aut
|9 105843
|
| 830 |
|
0 |
|a Knihovna Památníku Petra Bezruče v Opavě
|9 287568
|
| 999 |
|
|
|c 972704
|d 974634
|
| 952 |
|
|
|t P60, <04>, [BOOK], {604}
|a SNK
|b SNK
|y VYP
|7 0
|o snkID 29327
|i snkKIP 10292/61
|0 0
|1 0
|4 0
|d 1997-06-13
|l 0
|r 2005-01-02 00:00:00
|w 2026-02-24
|